000 00304nam a2200133Ia 4500
008 200103s9999||||xx |||||||||||||| ||und||
040 _aIMU-MPC
082 _aColumn-1
100 _aHindship, M. V.
245 0 _aStability tables
260 _bBhandarkar Pubhications
_c2010
300 _a61
942 _cBK
999 _c2685
_d2685